Länder der Welt mit einer leeren Karte - Hard Version - Statistiken

Allgemein
  • Dieses Quiz wurde 2.162 mal gespielt
  • Das Durchschnittsergebnis liegt bei 165 aus 196
Antworten auf der Karte
Die Antworten werden auf der Karte rot bzw. grün angezeigt, abhängig davon wie oft sie richtig erraten wurden.
 
Antwortstatistiken
Land % Korrekt
Vereinigte Staaten
96%
Kanada
95%
Mexiko
95%
Deutschland
94%
Russland
94%
Brasilien
93%
China
93%
Frankreich
93%
Italien
93%
Österreich
93%
Schweden
93%
Schweiz
93%
Spanien
93%
Ukraine
93%
Finnland
92%
Norwegen
92%
Polen
92%
Portugal
92%
Slowakei
92%
Tschechien
92%
Ägypten
91%
Argentinien
91%
Australien
91%
Belarus
91%
Dänemark
91%
Indien
91%
Japan
91%
Slowenien
91%
Südafrika
91%
Türkei
91%
Ungarn
91%
Belgien
90%
Chile
90%
Irak
90%
Iran
90%
Kasachstan
90%
Kroatien
90%
Luxemburg
90%
Mongolei
90%
Rumänien
90%
Serbien
90%
Afghanistan
89%
Algerien
89%
Bulgarien
89%
Demokratische Republik Kongo
89%
Estland
89%
Griechenland
89%
Kolumbien
89%
Lettland
89%
Marokko
89%
Neuseeland
89%
Niederlande
89%
Niger
89%
Panama
89%
Peru
89%
Republik Kongo
89%
Saudi-Arabien
89%
Sudan
89%
Albanien
88%
Bolivien
88%
Bosnien und Herzegowina
88%
Kosovo
88%
Litauen
88%
Nigeria
88%
Nordkorea
88%
Nordmazedonien
88%
Paraguay
88%
Südkorea
88%
Thailand
88%
Uruguay
88%
Venezuela
88%
Vereinigtes Königreich
88%
Andorra
87%
Indonesien
87%
Libyen
87%
Moldawien
87%
Pakistan
87%
Südsudan
87%
Vatikanstadt
87%
Costa Rica
86%
Ghana
86%
Irland
86%
Israel
86%
Kenia
86%
Liechtenstein
86%
Mali
86%
Montenegro
86%
Nepal
86%
San Marino
86%
Usbekistan
86%
Ecuador
85%
Elfenbeinküste
85%
Honduras
85%
Island
85%
Jemen
85%
Kirgisistan
85%
Kuba
85%
Laos
85%
Malta
85%
Namibia
85%
Oman
85%
Tschad
85%
Turkmenistan
85%
Vietnam
85%
Angola
84%
Äthiopien
84%
Georgien
84%
Guatemala
84%
Jordanien
84%
Nicaragua
84%
Senegal
84%
Syrien
84%
Tadschikistan
84%
Tunesien
84%
Armenien
83%
Aserbaidschan
83%
Bhutan
83%
Guinea
83%
Guyana
83%
Haiti
83%
Jamaika
83%
Mauretanien
83%
Monaco
83%
Myanmar
83%
Suriname
83%
Tansania
83%
Dominikanische Republik
82%
Kamerun
82%
Malaysia
82%
Togo
82%
Zentralafrikanische Republik
82%
Zypern
82%
Bahamas
81%
Katar
81%
Lesotho
81%
Madagaskar
81%
Sambia
81%
Simbabwe
81%
Somalia
81%
Uganda
81%
Vereinigte Arabische Emirate
81%
Bangladesch
80%
Botswana
80%
El Salvador
80%
Kambodscha
80%
Malediven
80%
Mosambik
80%
Sri Lanka
80%
Taiwan
80%
Belize
79%
Burkina Faso
79%
Eritrea
79%
Papua-Neuguinea
79%
Philippinen
79%
Ruanda
79%
Seychellen
79%
Benin
78%
Eswatini
78%
Fidschi
78%
Gambia
78%
Guinea-Bissau
78%
Libanon
78%
Singapur
78%
Bahrain
77%
Föderierte Staaten von Mikronesien
77%
Kuwait
77%
Malawi
77%
Dschibuti
76%
Kap Verde
76%
Sierra Leone
76%
St. Lucia
76%
Äquatorial-Guinea
75%
Gabun
75%
Liberia
75%
Mauritius
75%
St. Kitts und Nevis
75%
St. Vincent und die Grenadinen
75%
Trinidad und Tobago
75%
Brunei
74%
Burundi
74%
Komoren
74%
Barbados
73%
Dominica
73%
São Tomé und Príncipe
73%
Marshallinseln
72%
Osttimor
72%
Palau
72%
Grenada
71%
Tuvalu
71%
Vanuatu
71%
Kiribati
70%
Antigua und Barbuda
69%
Nauru
69%
Samoa
69%
Tonga
69%
Salomonen
68%
Keine übereinstimmenden Quizze gefunden
Verteilung der Resultate
Anzahl Personen mit jedem Resultat
Perzentil nach korrekt beantworteten Fragen
Ihre Resultats-Entwicklung
Sie haben dieses Quiz noch nicht gespielt